Szczegóły MARC21

Historia filozofii starożytnej. T. 5, Słownik, indeksy i bibliografia /

003 -Nazwa inst., której nr kontr. jest w polu 001 [,]
    • @
    • Nazwa instytucji, której n kontrolny jest w polu 001
    • NUKAT
005 -DATA I CZAS OSTATNIEJ MODYFIKACJI [,]
    • @
    • pole kontrolne
    • 20241231091521.0
020 -Międzynarod. znormalizowany nr książki - ISBN [ , ]
    • a
    • Numer ISBN
    • 9788373637832 Find
040 -Instytucja sporządzająca opis [ , ]
    • a
    • Instytucja, która sporządziła opis (NP)
    • TOR U/kn
    • c
    • Instytucja, która sporządziła rekord (NP)
    • TOR U/kn
    • d
    • Instytucja, która zmodyfikowała rekord (P)
    • TOR U/kn
    • d
    • Instytucja, która zmodyfikowała rekord (P)
    • TOR U/AWZs
041 -Język dokumentu [1, ]
    • a
    • Język tekstu (P)
    • polski
    • h
    • Język tekstu oryginalnego i/lub pośredniego (P)
    • włoski
942 -Rodzaj dokumentu [ , ]
    • c
    • Rodzaj dokumentu
    • Książka
100 -Hasło główne - nazwa osobowa [1, ]
    • a
    • Nazwa osobowa (NP)
    • Reale, Giovanni
    • d
    • Daty biograficzne (NP)
    • (1931-2014).
    • 9
    • KHW
    • 328469
240 -Tytuł ujednolicony [1,0]
    • a
    • Tytuł ujednolicony
    • Storia della filosofia antica
    • l
    • Język tekstu
    • (pol.)
    • 9
    • KHW
    • 532107
245 -Strefa tytułu i oznaczenia odpowiedzialności [1,0]
    • a
    • Tytuł
    • Historia filozofii starożytnej. Find
    • n
    • Oznaczenie części (P)
    • T. 5,
    • p
    • Nazwa części (P)
    • Słownik, indeksy i bibliografia /
    • c
    • Pozostałe elementy strefy tytułu i oznaczenia odpowiedzialności (NP)
    • Giovanni Reale ; współpraca Roberto Radice ; przeł. Edward Iwo Zieliński ; Katolicki Uniwersytet Lubelski. Wydział Filozofii.
250 -Strefa wydania [ , ]
    • a
    • Oznaczenie wydania (NP)
    • Wyd. 3.
260 -Strefa adresu wydawniczego [ , ]
    • a
    • Miejsce wydania (P)
    • Lublin :
    • b
    • Nazwa wydawcy (P)
    • Wydawnictwo KUL,
    • c
    • Data wydania (P)
    • 2008.
300 -Strefa opisu fizycznego [ , ]
    • a
    • Określenie formy książki i/lub objętość (NP)
    • 613 s. ;
    • c
    • Format (NP)
    • 21 cm.
336 -Typ zawartości [ , ]
    • a
    • Termin opisujący typ zawartości
    • Tekst
    • b
    • Kod określający zawartość
    • txt
    • 2
    • Źródło (terminu i kodu)
    • rdacontent
337 -Typ mediów [ , ]
    • a
    • Tryb odtwarzania
    • Bez urządzenia pośredniczącego
    • b
    • Kod typu mediów
    • n
    • 2
    • Źródło (terminu i kodu)
    • rdamedia
338 -Typ/rodzaj nośnika [ , ]
    • a
    • Hasło opisujące typ nośnika
    • Wolumin
    • b
    • Kod typu nośnika
    • nc
    • 2
    • Źródło (terminu i kodu)
    • rdacarrier
504 -Uwaga dot. bibliogr. załącznikowej [ , ]
    • a
    • Uwaga dot. bibliografii załącznikowej
    • Indeks.
080 -Uniwersalna Klasyfikacja Dziesiętna [ , ]
    • 2
    • Identyfikator wydania tablic
    • UDC-P058
    • 9
    • UKD
    • 2362
    • a
    • Symbol klasyfikacji
    • 1(091)
    • b
    • Dopowiedzenie
    • Historia filozofii.
    • 4
    • UKD2
    • 8472
    • x
    • Poddział wspólny
    • (37)
    • c
    • Dopowiedzenie poddz. wspólnego
    • (Rzym starożytny. Italia).
    • 4
    • UKD2
    • 8457
    • x
    • Poddział wspólny
    • (38)
    • c
    • Dopowiedzenie poddz. wspólnego
    • (Grecja. Hellada).
    • 4
    • UKD2
    • 7663
    • x
    • Poddział wspólny
    • (038)
    • c
    • Dopowiedzenie poddz. wspólnego
    • (Słowniki).
650 -Hasło przedmiotowe [ ,7]
    • a
    • Hasło przedmiotowe
    • Filozofia starożytna
    • v
    • Określnik formalny
    • słowniki.
    • 2
    • Źródło terminu
    • kaba
    • 9
    • KHW
    • 597514
650 -Hasło przedmiotowe [ ,7]
    • a
    • Hasło przedmiotowe
    • Filozofowie starożytni
    • v
    • Określnik formalny
    • indeksy.
    • 2
    • Źródło terminu
    • kaba
    • 9
    • KHW
    • 597515
650 -Hasło przedmiotowe [ ,7]
    • a
    • Hasło przedmiotowe
    • Filozofia starożytna
    • v
    • Określnik formalny
    • bibliografia.
    • 2
    • Źródło terminu
    • kaba
    • 9
    • KHW
    • 597513
980 -Symbol UKD [ , ]
    • a
    • UKD
    • 1(091)(37)(38)(038)
700 -Hasło dodatkowe - nazwa osobowa [1, ]
    • a
    • Nazwa osobowa (NP)
    • Radice, Roberto Find
    • d
    • Daty biograficzne (NP)
    • (1947- ).
    • 9
    • KHW
    • 597435
700 -Hasło dodatkowe - nazwa osobowa [1, ]
    • a
    • Nazwa osobowa (NP)
    • Zieliński, Edward Iwo Find
    • d
    • Daty biograficzne (NP)
    • (1939-2010).
    • e
    • Określenie rodzaju współpracy
    • Tł.
    • 9
    • KHW
    • 414519
710 -Hasło dodatkowe - nazwa ciała zbiorowego [2, ]
    • a
    • Nazwa ciała zbiorowego lub nazwa geograficzna jako pierwszy element (NP)
    • Katolicki Uniwersytet Lubelski Jana Pawła II.
    • b
    • Nazwa jednostki podrzędnej (P)
    • Wydawnictwo.
    • 4
    • Kod relacji
    • pbl
    • 9
    • KHW
    • 53598
920 -ISBN [ , ]
    • a
    • ISBN
    • 978-83-7363-783-2 Find
Numer inwentarzowy Data inwentaryzacji Status udost. Lokalizacja Sygnatura
P.217732009-11-201BMPOL. Filozofia 09